000794548 001__ 794548 000794548 005__ 20221024102407.0 000794548 0247_ $$2ISBN$$a978-3-00-060311-2 000794548 037__ $$aRWTH-2020-07724 000794548 041__ $$aEnglish 000794548 1001_ $$aAltpeter, Benjamin$$b0 000794548 1112_ $$a28. Aachener Kolloquium Fahrzeug- und Motorentechnik = 28. Aachen Colloquium Automobile and Engine Technology$$cAachen$$d2019-10-07 - 2019-10-09$$gACK28$$wGermany 000794548 245__ $$aPilot Study for Level 3 Vehicle Automation$$honline, print 000794548 246_3 $$aPilotstudie zu L3 Fahrzeugautomatisierung$$yGerman 000794548 260__ $$aAachen$$bInstitute for Automotive Engineering, RWTH Aachen University$$c2019 000794548 29510 $$a28. Aachener Kolloquium Fahrzeug- und Motorentechnik = 28. Aachen Colloquium Automobile and Engine Technology : October 7th-9th, 2019, Eurogress Aachen, Germany / scientific management: Univ.-Prof. Dr.-Ing. Lutz Eckstein, Univ.-Prof. Dr.-Ing. Stefan Pischinger ; organizational management: Michaela Heetkamp (M.Sc.), Jonas Müller (M.Sc.) ; organized by: Institute for Automotive Engineering, RWTH Aachen University; Institute for Combustion Engines, RWTH Aachen University. - Volume 2 000794548 300__ $$a1553-1562 000794548 3367_ $$033$$2EndNote$$aConference Paper 000794548 3367_ $$0PUB:(DE-HGF)7$$2PUB:(DE-HGF)$$aContribution to a book 000794548 3367_ $$0PUB:(DE-HGF)8$$2PUB:(DE-HGF)$$aContribution to a conference proceedings$$bcontrib$$mcontrib 000794548 3367_ $$2BibTeX$$aINPROCEEDINGS 000794548 3367_ $$2DRIVER$$aconferenceObject 000794548 3367_ $$2DataCite$$aOutput Types/Conference Paper 000794548 3367_ $$2ORCID$$aCONFERENCE_PAPER 000794548 591__ $$aGermany 000794548 7001_ $$0P:(DE-82)IDM02789$$aKlaudt, Sebastian$$b1 000794548 7001_ $$0P:(DE-82)IDM02410$$aZlocki, Adrian$$b2 000794548 7001_ $$0P:(DE-82)IDM02341$$aJosten, Johanna$$b3$$urwth 000794548 7001_ $$0P:(DE-82)685276$$aRösener, Christian$$b4$$urwth 000794548 7001_ $$0P:(DE-82)IDM01340$$aEckstein, Lutz$$b5$$urwth 000794548 7870_ $$0RWTH-2019-09659$$iHasPart 000794548 8564_ $$uhttps://aachener-kolloquium.de/images/tagungsunterlagen/2019_28._ACK/D6.3_Altpeter_fka.pdf$$yFulltext 000794548 909CO $$ooai:publications.rwth-aachen.de:794548$$pVDB 000794548 9101_ $$0I:(DE-588b)36225-6$$6P:(DE-82)IDM02341$$aRWTH Aachen$$b3$$kRWTH 000794548 9101_ $$0I:(DE-588b)36225-6$$6P:(DE-82)685276$$aRWTH Aachen$$b4$$kRWTH 000794548 9101_ $$0I:(DE-588b)36225-6$$6P:(DE-82)IDM01340$$aRWTH Aachen$$b5$$kRWTH 000794548 9151_ $$0StatID:(DE-HGF)0041$$2StatID$$aPeer review status of article unknown$$x0 000794548 9201_ $$0I:(DE-82)414110_20140620$$k414110$$lLehrstuhl und Institut für Kraftfahrzeuge (ika)$$x0 000794548 961__ $$c2020-07-20T14:51:08.008449$$x2020-07-20T14:51:08.008449$$z2020-07-21 000794548 980__ $$aI:(DE-82)414110_20140620 000794548 980__ $$aUNRESTRICTED 000794548 980__ $$aVDB 000794548 980__ $$acontb 000794548 980__ $$acontrib